Lok adalat : (Record no. 67212)

MARC details
000 -LEADER
fixed length control field 00488nam a22001457a 4500
005 - DATE AND TIME OF LATEST TRANSACTION
control field 20180803125110.0
020 ## - INTERNATIONAL STANDARD BOOK NUMBER
International Standard Book Number 8176488682
Terms of availability 00
035 ## - SYSTEM CONTROL NUMBER
System control number B-216460 ,B-216457, B-216465
037 ## - SOURCE OF ACQUISITION
Stock number DPL
Source of stock number/acquisition ENG
100 ## - MAIN ENTRY--PERSONAL NAME
Personal name Khan, Sarfaraz Ahmed
245 ## - TITLE STATEMENT
Title Lok adalat :
Remainder of title An effective alternative dispute resolution mechanism /
Statement of responsibility, etc by Sarfaraz Ahmed Khan
260 ## - PUBLICATION, DISTRIBUTION, ETC. (IMPRINT)
Place of publication, distribution, etc New Delhi
Name of publisher, distributor, etc APH Publishing Corporation
Date of publication, distribution, etc 2006
300 ## - PHYSICAL DESCRIPTION
Extent xii, 137p.
Dimensions 24 cms.
942 ## - ADDED ENTRY ELEMENTS (KOHA)
Source of classification or shelving scheme Dewey Decimal Classification
Item type English Books
Classification part 347.017
Call number suffix SAR
Holdings
Withdrawn status Lost status Not for loan Collection code Home library Current library Date acquired Cost, normal purchase price Full call number Barcode Cost, replacement price Koha item type Source of acquisition
      Non-fiction Patel Nagar Patel Nagar 24/07/2018 0.00 347.017 SAR B-216457 0.00 English Books BPPD/Pub
      Non-fiction Sarojini Nagar Sarojini Nagar 26/05/2012 0.00 347.017 SAR B-216460 0.00 English Books  
      Non-fiction Shahdara Branch Shahdara Branch 03/08/2018 0.00 347.017 SAR B-216465 0.00 English Books BPPD/PUB

© Delhi Public Library
Hit Counter
free hit counter